Statistics for U.S. States and Territories with Plastic Bag Bans

Click here to take the quiz!

General Stats

  • This quiz has been taken 226 times
  • The average score is 7 of 11

Answer Stats

State / Territory% Correct
California
94%
New York
90%
Oregon
76%
Puerto Rico
72%
Hawaii
70%
Maine
68%
Vermont
68%
Guam
66%
U.S. Virgin Islands
53%
American Samoa
44%
Delaware
44%

Score Distribution

Percentile by Number Answered

Percent of People with Each Score

Your Score History

You have not taken this quiz